From log cabin to pulpit. (Record no. 14233)

000 -LEADER
fixed length control field 00543nam a2200181 a 4500
001 - CONTROL NUMBER
control field :::00012062$&:&@@
003 - CONTROL NUMBER IDENTIFIER
control field OkBaRHE
005 - DATE AND TIME OF LATEST TRANSACTION
control field 20000607103415.0
008 - FIXED-LENGTH DATA ELEMENTS--GENERAL INFORMATION
fixed length control field s1963 j 000 0 eng u
040 ## - CATALOGING SOURCE
Transcribing agency
100 1# - MAIN ENTRY--PERSONAL NAME
Personal name West, Jack.
245 10 - TITLE STATEMENT
Title From log cabin to pulpit.
260 ## - PUBLICATION, DISTRIBUTION, ETC. (IMPRINT)
Place of publication, distribution, etc Springfield, MO., :
Name of publisher, distributor, etc Rev. Jack West
Date of publication, distribution, etc c1963
300 ## - PHYSICAL DESCRIPTION
Extent 115 p. ;
Dimensions 20 cm.
650 ## - SUBJECT ADDED ENTRY--TOPICAL TERM
Topical term or geographic name as entry element Assemblies of God
General subdivision Biography
942 ## - ADDED ENTRY ELEMENTS (KOHA)
Source of classification or shelving scheme
Koha item type Books
Copies
Permanent Location Full call number Not for loan Damaged status Shelving location Source of classification or shelving scheme Barcode Date last seen Withdrawn status Date acquired Koha item type Lost status Copy number Price effective from
RHEMA Bible Training CollegeBX 8769 .Z8W4  General Stacks 120622010-04-14 2010-04-14Books 12010-04-14